Transparentnost a regulace v lobbingu
Definovanie lobingu a jeho aktérov. Faktory ovplyvňujúce lobing. Problémy v nejasnosti definície. Zásady účinnej regulácie lobovania. Postoj lobistov k regulácii a sebaregulácii.
Enregistré dans:
| Auteur principal: | |
|---|---|
| Autres auteurs: | |
| Format: | Chapitre de livre |
| Langue: | tchèque |
| Sujets: | |
| Tags: |
Pas de tags, Soyez le premier à ajouter un tag!
|
MARC
| LEADER | 00000naa a2200000 4500 | ||
|---|---|---|---|
| 001 | 0145949 | ||
| 005 | 20220427132733.7 | ||
| 041 | 0 | |a cze | |
| 044 | |a CZ | ||
| 245 | 1 | 0 | |a Transparentnost a regulace v lobbingu |c Šárka Laboutková, Petr Vymětal |
| 520 | |a Definovanie lobingu a jeho aktérov. Faktory ovplyvňujúce lobing. Problémy v nejasnosti definície. Zásady účinnej regulácie lobovania. Postoj lobistov k regulácii a sebaregulácii. | ||
| 610 | 2 | 0 | |a lobizmus |
| 610 | 2 | 0 | |a definície |
| 610 | 2 | 0 | |a legislatíva |
| 610 | 2 | 0 | |a regulácia |
| 610 | 2 | 0 | |a kódexy etické |
| 100 | 1 | |a Laboutková, Šárka | |
| 700 | 1 | |a Vymětal, Petr | |